Factores que inciden en el cumplimiento voluntario de las obligaciones tributarias (Registro nro. 158576)
[ vista simple ]
| 000 -LEADER | |
|---|---|
| fixed length control field | 01260ny a22003253n 4500 |
| 003 - CONTROL NUMBER IDENTIFIER | |
| control field | CaPaEBR |
| 006 - FIXED-LENGTH DATA ELEMENTS--ADDITIONAL MATERIAL CHARACTERISTICS--GENERAL INFORMATION | |
| fixed length control field | m u |
| 007 - PHYSICAL DESCRIPTION FIXED FIELD--GENERAL INFORMATION | |
| fixed length control field | cr cn||||||||| |
| 008 - FIXED-LENGTH DATA ELEMENTS--GENERAL INFORMATION | |
| fixed length control field | 200903r2008 sp |||||s|||||||||||spa d |
| 020 ## - INTERNATIONAL STANDARD BOOK NUMBER | |
| International Standard Book Number | 9788498492606 |
| 035 ## - | |
| -- | 2738 |
| 040 ## - CATALOGING SOURCE | |
| Original cataloging agency | FlNmELB |
| Transcribing agency | FlNmELB |
| Modifying agency | vLex |
| 050 14 - | |
| -- | KKT3558 |
| -- | A662 2008eb |
| 080 ## - | |
| -- | 351.713(460) |
| 082 04 - | |
| -- | 352.44 |
| -- | 22 |
| 090 ## - | |
| -- | 35 |
| -- | 35 |
| 100 1# - MAIN ENTRY--PERSONAL NAME | |
| Personal name | Arana Landín, Sofía |
| 245 10 - TITLE STATEMENT | |
| Title | Factores que inciden en el cumplimiento voluntario de las obligaciones tributarias |
| Medium | [Recurso electrónico] |
| Statement of responsibility, etc | Sofía Arana Landín |
| 256 ## - | |
| -- | Servicio en línea |
| 260 ## - PUBLICATION, DISTRIBUTION, ETC. (IMPRINT) | |
| Place of publication, distribution, etc | Madrid : |
| Name of publisher, distributor, etc | Dykinson, |
| Date of publication, distribution, etc | 2008 |
| 300 ## - PHYSICAL DESCRIPTION | |
| Extent | 239 p. |
| 506 1# - RESTRICTIONS ON ACCESS NOTE | |
| Terms governing access | Contenido solo disponible en los productos indicados |
| Authorized users | vLex Global |
| -- | vLex Global (Academic Edition, excluding Law Schools) |
| -- | vLex Global (U.S. Academic Edition, Law Schools) |
| -- | vLex Global (U.S. Academic Edition, excluding Law Schools) |
| -- | vLex Global (Academic Edition, Law Schools) |
| 650 07 - SUBJECT ADDED ENTRY--TOPICAL TERM | |
| Topical term or geographic name as entry element | Tributario |
| Source of heading or term | Tesauro vLex |
| 650 07 - SUBJECT ADDED ENTRY--TOPICAL TERM | |
| Topical term or geographic name as entry element | Obligación tributaria |
| Source of heading or term | Tesauro vLex |
| 650 07 - SUBJECT ADDED ENTRY--TOPICAL TERM | |
| Topical term or geographic name as entry element | Hecho imponible |
| Source of heading or term | Tesauro vLex |
| 740 ## - | |
| -- | vLex Libros (Servicios en línea) |
| 856 40 - LOCALIZACIÓN Y ACCESO ELECTRÓNICO | |
| Identificador Uniforme del Recurso (URI/URL) | https://app.vlex.com/#/sources/2738 |
| 942 ## - | |
| -- | RAA |
| 999 ## - | |
| -- | 158576 |
| -- | 158576 |
No hay ítems disponibles.